01744nam a22001817a 4500008004100000020001800041050001700059245012000076260005000196300001800246490002100264500005000285505106600335650003701401650004501438650003901483700004001522190312b ||||| |||| 00| 0 spa d a9786074019681 aNA702.5bI53 aImaginarios de modernidad y tradiciónb : Arquitectura del siglo XX en América Latinac / Catherine R. Ettinger aMéxicob : Miguel Ángel Porrúac , 2015 a264 páginas aEstudios Urbanos aIncluye: Introducción Índice de contenido aPasado y futuro de la arquitectura mexicana de mediados del siglo XX Arquitectura/México y la arquitectura internacional El pensamiento sobre la arquitectura moderna a través de revistas latinoamericanas, 1925-1945 De modernidades y regionalismos. El editor de Architectual Forum visita México Imaginando ser modernos. El espacio culinario y sus objetos en la prensa de las décadas 1960-1970, Mérida Homogeneidad y diferenciación en la arquitectura de inicios del siglo XX en ensenada, México. El sistema de ventas por catalogo y el estilo de vida Taxco: un imaginario visual Entre el imaginario y lo imaginado. Pátzcuaro y el turismo a principios del siglo XX Estaciones del imaginario: una visita a la arquitectura tradicional del turismo pueblerino El hotel Caribe Hilton y la negociación (ambivalente) de imaginarios culturales en el contexto (colonial) de una isla-fuente Entre el recuerdo y el olvido: la aventura de muralistas estadounidenses en la provincia mexicana Pabellones mexicanos en el siglo XX. Un proceso efímero-permanente 0aARQUITECTURAxHISTORIAzMÉXICO 0aARQUITECTURAxHISTORIAzAMÉRICA LATINA 0aARQUITECTURA TRADICIONALzMÉXICO aEttinger, Catherine R.ecoordinador